Floods and farmers : Politics, Economics and environmental impacts of dyke construction in the Mekong Delta / Vietnam
Discussion around the Mekong's future so far have been dominated by attemps to solve th internationally relevant problems and topics at stake.
Guardado en:
| Autor principal: | |
|---|---|
| Formato: | Libro |
| Lenguaje: | Undetermined |
| Publicado: |
Deutsche Nationalbibliothek
2011
|
| Materias: | |
| Etiquetas: |
Agregar Etiqueta
Sin Etiquetas, Sea el primero en etiquetar este registro!
|
| Thư viện lưu trữ: | Trung tâm Học liệu Trường Đại học Cần Thơ |
|---|
| LEADER | 00784nam a2200193Ia 4500 | ||
|---|---|---|---|
| 001 | CTU_180103 | ||
| 008 | 210402s9999 xx 000 0 und d | ||
| 082 | |a 627.83 | ||
| 082 | |b H566/Vol.18 | ||
| 100 | |a Phạm, Công Hữu | ||
| 245 | 0 | |a Floods and farmers : | |
| 245 | 0 | |b Politics, Economics and environmental impacts of dyke construction in the Mekong Delta / Vietnam | |
| 245 | 0 | |c Phạm Công Hữu | |
| 260 | |b Deutsche Nationalbibliothek | ||
| 260 | |c 2011 | ||
| 520 | |a Discussion around the Mekong's future so far have been dominated by attemps to solve th internationally relevant problems and topics at stake. | ||
| 650 | |a Hydraulic engineering,Công trình thủy lợi | ||
| 904 | |i Trinh, Như | ||
| 980 | |a Trung tâm Học liệu Trường Đại học Cần Thơ | ||